Záruky bližšie k realite Pomoc, keď niet za čo založiť novú úrodu

Nedostatok finančných zdrojov patrí k najväčším problémom poľnohospodárstva. Úloha Slovenskej záručnej banky (SZB) pri podpore vzniku a rozvoja súkromného podnikania, predovšetkým malých a stredných podnikov. Dva špeciálne programy SZB pre poľnohospodárov - záručný program podpory malého a stredného...

Descrizione completa

Salvato in:
Dettagli Bibliografici
Autore principale: Potančok, Milan
Natura: Capitolo di libro
Lingua:slovacco
Soggetti:
Tags: Aggiungi Tag
Nessun Tag, puoi essere il primo ad aggiungerne!!

MARC

LEADER 00000naa a2200000 4500
001 r017065
005 20221205102731.9
041 0 |a slo 
044 |a SK 
245 1 0 |a Záruky bližšie k realite  |b Pomoc, keď niet za čo založiť novú úrodu  |c M. Potančok 
520 |a Nedostatok finančných zdrojov patrí k najväčším problémom poľnohospodárstva. Úloha Slovenskej záručnej banky (SZB) pri podpore vzniku a rozvoja súkromného podnikania, predovšetkým malých a stredných podnikov. Dva špeciálne programy SZB pre poľnohospodárov - záručný program podpory malého a stredného podnikania v oblasti poľnohospodárstva a program zabezpečenia sezónnych poľnohospodárskych prác. Podmienky pre získanie podpory banky. Činnosť SZB od jej vzniku v r.1991. 
610 2 0 |a politika poľnohospodárska 
610 2 0 |a záruka 
610 2 0 |a úver záručný 
610 2 0 |a Slovenská záručná banka, š.p.ú. Bratislava 
610 2 0 |a úver bankový 
610 2 0 |a programy rozvojové 
610 2 0 |a podnik malý 
610 2 0 |a podnik stredný 
610 2 0 |a poľnohospodárstvo 
610 2 0 |a financovanie 
610 2 0 |a nástroje ekonomické 
100 1 |a Potančok, Milan